<?xml version="1.0" encoding="UTF-8"?>
<record
    xmlns:xsi="http://www.w3.org/2001/XMLSchema-instance"
    xsi:schemaLocation="http://www.loc.gov/MARC21/slim http://www.loc.gov/standards/marcxml/schema/MARC21slim.xsd"
    xmlns="http://www.loc.gov/MARC21/slim">

  <leader>02649nam a2200325Ia 4500</leader>
  <controlfield tag="003">OSt</controlfield>
  <controlfield tag="005">20251111105136.0</controlfield>
  <controlfield tag="008">210210b2016   xxu||||| |||| 00| 0 eng d</controlfield>
  <datafield tag="020" ind1=" " ind2=" ">
    <subfield code="a">9788184676492</subfield>
  </datafield>
  <datafield tag="040" ind1=" " ind2=" ">
    <subfield code="c">AL</subfield>
  </datafield>
  <datafield tag="041" ind1=" " ind2=" ">
    <subfield code="a">Kannada</subfield>
  </datafield>
  <datafield tag="082" ind1=" " ind2=" ">
    <subfield code="a">K894.109 IRAR</subfield>
  </datafield>
  <datafield tag="100" ind1=" " ind2=" ">
    <subfield code="a">IRAVATI KARVE</subfield>
    <subfield code="d">&#xC87;&#xCB0;&#xCBE;&#xCB5;&#xCA4;&#xCBF; &#xC95;&#xCB0;&#xCCD;&#xCB5;&#xCC6;</subfield>
    <subfield code="9">244954</subfield>
  </datafield>
  <datafield tag="245" ind1=" " ind2=" ">
    <subfield code="a">Ramayana mahabharata mattu dharma </subfield>
    <subfield code="b">&#xCB0;&#xCBE;&#xCAE;&#xCBE;&#xCAF;&#xCA3;, &#xCAE;&#xCB9;&#xCBE;&#xCAD;&#xCBE;&#xCB0;&#xCA4; &#xCAE;&#xCA4;&#xCCD;&#xCA4;&#xCC1; &#xCA7;&#xCB0;&#xCCD;&#xCAE;</subfield>
  </datafield>
  <datafield tag="260" ind1=" " ind2=" ">
    <subfield code="a">Bengaluru</subfield>
    <subfield code="b">Navakarnataka  Prakashana</subfield>
    <subfield code="c">2016</subfield>
  </datafield>
  <datafield tag="300" ind1=" " ind2=" ">
    <subfield code="a">155</subfield>
  </datafield>
  <datafield tag="520" ind1=" " ind2=" ">
    <subfield code="a">&#xC87;&#xCB0;&#xCBE;&#xCB5;&#xCA4;&#xCBF; &#xC95;&#xCB0;&#xCCD;&#xCB5;&#xCC6;&#xCAF;&#xCB5;&#xCB0; &#xCB5;&#xCBF;&#xCB5;&#xCC7;&#xC9A;&#xCA8;&#xCC6;&#xCAF;&#xCC1; &#xC85;&#xCA4;&#xCCD;&#xCAF;&#xC82;&#xCA4; &#xCAE;&#xCB9;&#xCA4;&#xCCD;&#xCB5;&#xCA6;&#xCCD;&#xCA6;&#xCC2;, &#xCAE;&#xCCC;&#xCB2;&#xCBF;&#xC95;&#xCB5;&#xCC2; &#xC86;&#xC97;&#xCBF;&#xCA6;&#xCC6; &#xC8E;&#xCA8;&#xCCD;&#xCA8;&#xCC1;&#xCB5;&#xCC1;&#xCA6;&#xCB0;&#xCB2;&#xCCD;&#xCB2;&#xCBF; &#xC8E;&#xCB0;&#xCA1;&#xCC1; &#xCAE;&#xCBE;&#xCA4;&#xCBF;&#xCB2;&#xCCD;&#xCB2;. &#xCB5;&#xCBF;&#xCB6;&#xCC7;&#xCB7;&#xCB5;&#xCBE;&#xC97;&#xCBF; &#xCAD;&#xCC0;&#xCB7;&#xCCD;&#xCAE;, &#xC95;&#xCB0;&#xCCD;&#xCA3; &#xCAE;&#xCA4;&#xCCD;&#xCA4;&#xCC1; &#xC95;&#xCC3;&#xCB7;&#xCCD;&#xCA3; &#xC87;&#xCB5;&#xCB0; &#xC9C;&#xCC0;&#xCB5;&#xCA8;&#xCB5;&#xCA8;&#xCCD;&#xCA8;&#xCC1; &#xC85;&#xCA8;&#xCBE;&#xCB5;&#xCB0;&#xCA3;&#xC97;&#xCCA;&#xCB3;&#xCBF;&#xCB8;&#xCBF;&#xCA6; &#xCB0;&#xCC0;&#xCA4;&#xCBF;&#xCAF;&#xCC1; &#xC86;&#xCB2;&#xCCB;&#xC9A;&#xCA8;&#xCBE;&#xC95;&#xCCD;&#xCB0;&#xCAE;&#xC95;&#xCCD;&#xC95;&#xCC6; &#xCB9;&#xCCA;&#xCB8; &#xCA6;&#xCBF;&#xC95;&#xCCD;&#xC95;&#xCC1; &#xCA8;&#xCC0;&#xCA1;&#xCC1;&#xCB5;&#xC82;&#xCA4;&#xCB9;&#xCA6;&#xCC1;. &#xCAD;&#xCBE;&#xCB8;&#xCA8; &#xC95;&#xCBE;&#xCB2;&#xCA6;&#xCBF;&#xC82;&#xCA6;&#xCB2;&#xCC2; &#xC95;&#xCB0;&#xCCD;&#xCA3; &#xCA8;&#xCBE;&#xCAF;&#xC95;&#xCA8;&#xCBE;&#xC97;&#xCBF;&#xCA6;&#xCCD;&#xCA6;&#xCBE;&#xCA8;&#xCC6;. &#xCA6;&#xCC1;&#xCB0;&#xCA6;&#xCC3;&#xCB7;&#xCCD;&#xC9F;&#xCA6; &#xCAA;&#xCCD;&#xCB0;&#xCA4;&#xCBF;&#xCA8;&#xCBF;&#xCA7;&#xCBF;&#xCAF;&#xCC6;&#xC82;&#xCA6;&#xCC1;, &#xCA6;&#xCC1;&#xCB0;&#xC82;&#xCA4;&#xC95;&#xCA5;&#xCC6;&#xCAF; &#xCA7;&#xCC0;&#xCB0;&#xCCB;&#xCA6;&#xCBE;&#xCA4;&#xCCD;&#xCA4; &#xCA8;&#xCBE;&#xCAF;&#xC95;&#xCA8;&#xCC6;&#xC82;&#xCA6;&#xCC1; &#xC95;&#xCB0;&#xCCD;&#xCA3;&#xCA8;&#xCA8;&#xCCD;&#xCA8;&#xCC1; &#xCAD;&#xCBE;&#xCB8;&#xCA8;&#xCBF;&#xC82;&#xCA6; &#xC87;&#xC82;&#xCA6;&#xCBF;&#xCA8;&#xCB5;&#xCB0;&#xCC6;&#xC97;&#xCC6; &#xCB9;&#xCB2;&#xCB5;&#xCC1; &#xCB2;&#xCB2;&#xCBF;&#xCA4; &#xCB2;&#xCC7;&#xC96;&#xC95;&#xCB0;&#xCC1; &#xCA8;&#xCCB;&#xCA1;&#xCBF;&#xCA6;&#xCCD;&#xCA6;&#xCBE;&#xCB0;&#xCC6;. &#xCB0;&#xCBE;&#xCAE;&#xCBE;&#xCAF;&#xCA3; -&#xCAE;&#xCB9;&#xCBE;&#xCAD;&#xCBE;&#xCB0;&#xCA4;&#xCA6; &#xC95;&#xCA5;&#xCC6;, &#xCAA;&#xCBE;&#xCA4;&#xCCD;&#xCB0;, &#xCB8;&#xCA8;&#xCCD;&#xCA8;&#xCBF;&#xCB5;&#xCC7;&#xCB6;&#xC97;&#xCB3;&#xCA8;&#xCCD;&#xCA8;&#xCC1; &#xC9A;&#xCBF;&#xC82;&#xCA4;&#xCA8;&#xCC6;&#xC97;&#xCC6; &#xC92;&#xCB3;&#xCAA;&#xCA1;&#xCBF;&#xCB8;&#xCBF; &#xC85;&#xCA6;&#xCB0; &#xCAC;&#xC97;&#xCCD;&#xC97;&#xCC6; &#xCB5;&#xCCD;&#xCAF;&#xCBE;&#xC96;&#xCCD;&#xCAF;&#xCBE;&#xCA8; &#xCAC;&#xCB0;&#xCC6;&#xCA6;&#xCBF;&#xCA6;&#xCCD;&#xCA6;&#xCBE;&#xCB0;&#xCC6;. &#xC88; &#xCAC;&#xCB0;&#xCB5;&#xCA3;&#xCBF;&#xC97;&#xCC6;&#xC97;&#xCC6; &#xCB8;&#xCAE;&#xCBE;&#xC9C;&#xCB6;&#xCBE;&#xCB8;&#xCCD;&#xCA4;&#xCCD;&#xCB0;&#xCC0;&#xCAF; &#xCA8;&#xCC6;&#xCB2;&#xCC6;&#xCAF;&#xCBF;&#xCB0;&#xCC1;&#xCB5;&#xCC1;&#xCA6;&#xCB0;&#xCBF;&#xC82;&#xCA6; &#xCAE;&#xCB9;&#xCA4;&#xCCD;&#xCB5;&#xCA6;&#xCCD;&#xCA6;&#xCC6;&#xCA8;&#xCBF;&#xCB8;&#xCBF;&#xCA6;&#xCC6;. &#xCA7;&#xCB0;&#xCCD;&#xCAE;&#xCA6; &#xCAC;&#xC97;&#xCC6;&#xC97;&#xCC6; &#xCAC;&#xCC7;&#xCB0;&#xCC6; &#xCA8;&#xCC6;&#xCB2;&#xCC6;&#xCAF;&#xCB2;&#xCCD;&#xCB2;&#xCBF; &#xC9A;&#xCB0;&#xCCD;&#xC9A;&#xCBF;&#xCB8;&#xCBF;&#xCA6; &#xCB2;&#xCC7;&#xC96;&#xCA8;&#xCB5;&#xCC2; &#xC87;&#xCA6;&#xCC6;. &#xCAA;&#xCCD;&#xCB0;&#xCB6;&#xCCD;&#xCA8;&#xCC6;&#xC97;&#xCB3;&#xCA8;&#xCCD;&#xCA8;&#xCC1; &#xCB9;&#xCC1;&#xC9F;&#xCCD;&#xC9F;&#xCC1;&#xCB9;&#xCBE;&#xC95;&#xCBF;, &#xC86;&#xCB3;&#xCB5;&#xCBE;&#xCA6; &#xC9A;&#xCBF;&#xC82;&#xCA4;&#xCA8;&#xCC6;&#xC97;&#xCC6; &#xC92;&#xCA1;&#xCCD;&#xCA1;&#xCC1;&#xCB5;&#xCB7;&#xCCD;&#xC9F;&#xCC1; &#xCAA;&#xCC2;&#xCB0;&#xC95;&#xCB5;&#xCBE;&#xC97;&#xCBF;&#xCA6;&#xCC6;.</subfield>
  </datafield>
  <datafield tag="650" ind1=" " ind2=" ">
    <subfield code="a">Tr</subfield>
    <subfield code="9">244955</subfield>
  </datafield>
  <datafield tag="650" ind1=" " ind2=" ">
    <subfield code="a">Ramayana</subfield>
    <subfield code="9">244956</subfield>
  </datafield>
  <datafield tag="650" ind1=" " ind2=" ">
    <subfield code="a">Pokale</subfield>
    <subfield code="9">244957</subfield>
  </datafield>
  <datafield tag="650" ind1=" " ind2=" ">
    <subfield code="a">mattu</subfield>
    <subfield code="9">244958</subfield>
  </datafield>
  <datafield tag="650" ind1=" " ind2=" ">
    <subfield code="a">mahabharata</subfield>
    <subfield code="9">244959</subfield>
  </datafield>
  <datafield tag="650" ind1=" " ind2=" ">
    <subfield code="a">dharma</subfield>
    <subfield code="9">244960</subfield>
  </datafield>
  <datafield tag="650" ind1=" " ind2=" ">
    <subfield code="a">Chandrakanta</subfield>
    <subfield code="9">244961</subfield>
  </datafield>
  <datafield tag="650" ind1=" " ind2=" ">
    <subfield code="a">by</subfield>
    <subfield code="9">244962</subfield>
  </datafield>
  <datafield tag="690" ind1=" " ind2=" ">
    <subfield code="a">Kannada Poetry Criticism</subfield>
    <subfield code="9">244963</subfield>
  </datafield>
  <datafield tag="700" ind1=" " ind2=" ">
    <subfield code="a">Chandrakanta Pokale</subfield>
    <subfield code="d"> &#xC9A;&#xC82;&#xCA6;&#xCCD;&#xCB0;&#xC95;&#xCBE;&#xC82;&#xCA4; &#xCAA;&#xCCB;&#xC95;&#xCB3;&#xCC6;  tr</subfield>
    <subfield code="9">244964</subfield>
  </datafield>
  <datafield tag="906" ind1=" " ind2=" ">
    <subfield code="a">071285</subfield>
  </datafield>
  <datafield tag="942" ind1=" " ind2=" ">
    <subfield code="2">ddc</subfield>
    <subfield code="c">BK</subfield>
  </datafield>
  <datafield tag="999" ind1=" " ind2=" ">
    <subfield code="c">120627</subfield>
    <subfield code="d">120627</subfield>
  </datafield>
  <datafield tag="952" ind1=" " ind2=" ">
    <subfield code="0">0</subfield>
    <subfield code="1">0</subfield>
    <subfield code="2">ddc</subfield>
    <subfield code="4">0</subfield>
    <subfield code="7">0</subfield>
    <subfield code="8">KAN</subfield>
    <subfield code="a">AL</subfield>
    <subfield code="b">AL</subfield>
    <subfield code="c">Kannada Literature</subfield>
    <subfield code="d">2021-02-17</subfield>
    <subfield code="e">Navakarnataka Publication Pvt Ltd Mangalore</subfield>
    <subfield code="g">120.00</subfield>
    <subfield code="l">0</subfield>
    <subfield code="o">K894.109 IRAR</subfield>
    <subfield code="p">071285</subfield>
    <subfield code="r">2021-02-17 00:00:00</subfield>
    <subfield code="w">2021-02-17</subfield>
    <subfield code="y">BK</subfield>
  </datafield>
</record>
